Statistics for Sound of Music Do-Re-Mi

Click here to take the quiz!

General Stats

  • This quiz has been taken 51,715 times
  • The average score is 6 of 7

Answer Stats

NoteLyrics% Correct
DoA deer, a female deer
99%
MiA name I call myself
94%
ReA drop of golden sun
90%
FaA long long way to run
85%
TiA drink with jam and bread
77%
SolA needle pulling thread
76%
LaA note to follow So
73%

Score Distribution

Percentile by Number Answered

Percent of People with Each Score

Your Score History

You have not taken this quiz